[Event "GER-chT DLM U20"]
[Site "Wismar"]
[Date "2009.10.03"]
[Round "6"]
[White "Koop, Thorben"]
[Black "Wolff, Christopher"]
[Result "0-1"]
[WhiteElo "1738"]
[BlackElo "1808"]
[PlyCount "56"]
[EventDate "2009.09.30"]
[EventType "team-swiss"]
[EventRounds "7"]
[EventCountry "GER"]
[SourceTitle "CBM 132 Extra"]
[Source "ChessBase"]
[SourceDate "2009.11.03"]
[SourceVersion "1"]
[SourceVersionDate "2009.11.03"]
[SourceQuality "1"]
[WhiteTeam "Niedersachsen U20"]
[BlackTeam "Nordrhein Westfalen U20"]
[WhiteTeamCountry "GER"]
[BlackTeamCountry "GER"]

1. Nf3 d5 2. d4 Nf6 3. g3 e6 4. Bg2 Be7 5. 0-0 0-0 6. c4 dxc4 7. Nbd2 b5 8. a4 c6 9. Ne5 Nd5 10. axb5 cxb5 11. e4 Nf6 12. d5 exd5 13. exd5 Bb7 14. Nc6 Bxc6 15. dxc6 Qc7 16. Ne4 Rd8 17. Nxf6+ Bxf6 18. Qh5 Be5 19. f4 Bd4+ 20. Kh1 a6 21. Qf3 a5 22. f5 Ra6 23. Bf4 Qxc6 24. Qg4 Qc8 25. Bxb8 Qxb8 26. Rab1 Bf6 27. Qh5 h6 28. h4 Qxg3 0-1

[Event "GER-chT DLM U20"]
[Site "Wismar"]
[Date "2009.09.30"]
[Round "1"]
[White "Wolff, Christopher"]
[Black "Bruehan, Caren"]
[Result "1-0"]
[WhiteElo "1808"]
[BlackElo "1291"]
[PlyCount "67"]
[EventDate "2009.09.30"]
[EventType "team-swiss"]
[EventRounds "7"]
[EventCountry "GER"]
[SourceTitle "CBM 132 Extra"]
[Source "ChessBase"]
[SourceDate "2009.11.03"]
[SourceVersion "1"]
[SourceVersionDate "2009.11.03"]
[SourceQuality "1"]
[WhiteTeam "Nordrhein Westfalen U20"]
[BlackTeam "Saarland U20"]
[WhiteTeamCountry "GER"]
[BlackTeamCountry "GER"]

1. e4 c5 2. Nf3 Nf6 3. Nc3 d5 4. exd5 Nxd5 5. Bb5+ Bd7 6. Bxd7+ Qxd7 7. 0-0 Nc6 8. Re1 f6 9. Nh4 0-0-0 10. Nxd5 Qxd5 11. c3 e5 12. Qb3 Qxb3 13. axb3 h5 14. f4 exf4 15. Ng6 Rh6 16. Nxf4 g5 17. Ne6 Re8 18. Kf1 Kd7 19. Nxf8+ Rxf8 20. d4 cxd4 21. cxd4 a6 22. d5 Ne7 23. Ra5 Rh7 24. Bd2 Ra8 25. Rd1 b6 26. Ra4 Rf7 27. Be3 Nc8 28. Rc4 Re7 29. Bd4 Ra7 30. Rdc1 Kd6 31. Rxc8 Kxd5 32. Rd8+ Ke6 33. Rc6+ Kf5 34. Rxf6+ 1-0

[Event "GER-ch U12"]
[Site "Willingen"]
[Date "2009.06.04"]
[Round "8"]
[White "Schroeder, Jan Christian"]
[Black "Wolff, Christopher"]
[Result "1-0"]
[WhiteElo "1820"]
[BlackElo "1494"]
[PlyCount "43"]
[EventDate "2009.05.30"]
[EventType "swiss"]
[EventRounds "11"]
[EventCountry "GER"]
[SourceTitle "EXT 2010"]
[Source "ChessBase"]
[SourceDate "2010.11.25"]
[SourceVersion "1"]
[SourceVersionDate "2010.11.25"]
[SourceQuality "1"]

1. e4 c5 2. Nf3 e6 3. d4 cxd4 4. Nxd4 Nc6 5. Nc3 Qc7 6. Be2 Nf6 7. Be3 a6 8. f4 Bb4 9. Bf3 d5 10. e5 Bxc3+ 11. bxc3 Nd7 12. 0-0 0-0 13. Nb3 Ne7 14. Bd4 Nb6 15. Be2 Na4 16. Rf3 b6 17. Bd3 Nb2 18. Bxh7+ Kxh7 19. Rh3+ Kg8 20. Qh5 f5 21. exf6 Nf5 22. fxg7 1-0

[Event "GER-ch U12"]
[Site "Willingen"]
[Date "2009.06.03"]
[Round "6"]
[White "Manusina, Nicole"]
[Black "Wolff, Christopher"]
[Result "0-1"]
[WhiteElo "1685"]
[BlackElo "1494"]
[PlyCount "68"]
[EventDate "2009.05.30"]
[EventType "swiss"]
[EventRounds "11"]
[EventCountry "GER"]
[SourceTitle "EXT 2010"]
[Source "ChessBase"]
[SourceDate "2010.11.25"]
[SourceVersion "1"]
[SourceVersionDate "2010.11.25"]
[SourceQuality "1"]

1. d4 d5 2. Nf3 Nc6 3. c4 e5 4. Nxe5 Nxe5 5. dxe5 d4 6. e3 Bb4+ 7. Bd2 dxe3 8. Qa4+ Bd7 9. Qxb4 exd2+ 10. Nxd2 b6 11. 0-0-0 Ne7 12. f4 0-0 13. Ne4 Nc6 14. Qc3 Qe7 15. h4 Bg4 16. Rd2 Rfd8 17. Bd3 Nb4 18. Qa3 Nxd3+ 19. Rxd3 Qxa3 20. Rxa3 Rd4 21. Re1 Rxc4+ 22. Rc3 Rxc3+ 23. Nxc3 Rd8 24. Re3 a6 25. Rg3 h5 26. Re3 Kf8 27. Re4 Rd3 28. Re1 Rg3 29. Nd5 Rxg2 30. Nxc7 Bf5 31. Nxa6 Rc2+ 32. Kd1 Rxb2 33. a3 Rb3 34. Rg1 Rb1+ 0-1

[Event "NRW-ch U12"]
[Site "Kranenburg"]
[Date "2009.04.16"]
[Round "6"]
[White "Huemmecke, Aaron"]
[Black "Wolff, Christopher"]
[Result "1/2-1/2"]
[WhiteElo "1549"]
[BlackElo "1516"]
[PlyCount "37"]
[EventDate "2009.04.13"]
[EventType "swiss"]
[EventRounds "7"]
[EventCountry "GER"]
[SourceTitle "EXT 2010"]
[Source "ChessBase"]
[SourceDate "2010.11.25"]
[SourceVersion "1"]
[SourceVersionDate "2010.11.25"]
[SourceQuality "1"]

1. e4 c5 2. c3 d5 3. exd5 Qxd5 4. d4 Nc6 5. dxc5 Qxd1+ 6. Kxd1 e5 7. Be3 Be6 8. Nd2 f5 9. Bc4 Bxc4 10. Nxc4 0-0-0+ 11. Kc2 Nf6 12. f3 Nd5 13. Bf2 Nf4 14. Nh3 Nxh3 15. gxh3 Be7 16. Rhe1 Rhe8 17. Nxe5 Bxc5 18. Bxc5 Rxe5 19. Rf1 1/2-1/2

[Event "NRW-ch U12"]
[Site "Kranenburg"]
[Date "2009.04.16"]
[Round "5"]
[White "Wolff, Christopher"]
[Black "Hecht, Carsten"]
[Result "1/2-1/2"]
[WhiteElo "1516"]
[BlackElo "1586"]
[PlyCount "56"]
[EventDate "2009.04.13"]
[EventType "swiss"]
[EventRounds "7"]
[EventCountry "GER"]
[SourceTitle "EXT 2010"]
[Source "ChessBase"]
[SourceDate "2010.11.25"]
[SourceVersion "1"]
[SourceVersionDate "2010.11.25"]
[SourceQuality "1"]

1. e4 e6 2. d3 d5 3. Qe2 Be7 4. g3 Nf6 5. Bg2 0-0 6. f4 c5 7. Nf3 Nc6 8. 0-0 b5 9. c3 a5 10. e5 Nd7 11. d4 b4 12. Qc2 c4 13. Nbd2 Nb6 14. Ng5 Bxg5 15. fxg5 Ba6 16. Nf3 Bb5 17. h4 Ba4 18. Qe2 Rb8 19. Nh2 bxc3 20. bxc3 Bb5 21. Ba3 Re8 22. Qh5 Qd7 23. Ng4 Ba4 24. Nf6+ gxf6 25. gxf6 Kh8 26. Rac1 Rg8 27. Kh2 Rg6 28. g4 Rbg8 1/2-1/2

[Event "NRW-ch U12"]
[Site "Kranenburg"]
[Date "2009.04.15"]
[Round "4"]
[White "Wolff, Christopher"]
[Black "Ruehl, Andreas"]
[Result "1-0"]
[WhiteElo "1516"]
[BlackElo "1398"]
[PlyCount "142"]
[EventDate "2009.04.13"]
[EventType "swiss"]
[EventRounds "7"]
[EventCountry "GER"]
[SourceTitle "EXT 2010"]
[Source "ChessBase"]
[SourceDate "2010.11.25"]
[SourceVersion "1"]
[SourceVersionDate "2010.11.25"]
[SourceQuality "1"]

1. e4 e5 2. Nf3 Nc6 3. c3 d5 4. Qa4 dxe4 5. Nxe5 Bd7 6. Nxd7 Qxd7 7. Qxe4+ Be7 8. Bb5 Nf6 9. Bxc6 Nxe4 10. Bxd7+ Kxd7 11. 0-0 Rad8 12. d4 h6 13. f3 Nf6 14. Nd2 Kc8 15. Ne4 Nd5 16. Bd2 f5 17. Nf2 Bd6 18. Nd3 Rhe8 19. Rfe1 g5 20. c4 Nf6 21. d5 Bf8 22. Bc3 Bg7 23. Nc5 Bh8 24. Rad1 Rg8 25. Re6 Nd7 26. Nxd7 Bxc3 27. bxc3 Rxd7 28. Rde1 h5 29. Re8+ Rd8 30. Rxg8 Rxg8 31. Re5 Rf8 32. Kf2 Kd7 33. Ke3 Kd6 34. f4 g4 35. Kd3 h4 36. Re6+ Kc5 37. Re7 c6 38. Rxb7 cxd5 39. Rb5+ Kc6 40. Rxd5 Rf6 41. Kd4 Re6 42. Kd3 Re1 43. Rxf5 Rg1 44. Rh5 Rxg2 45. Rxh4 Rxa2 46. Rxg4 Rxh2 47. Rg6+ Kc7 48. c5 Rh4 49. Rf6 a6 50. Kc4 Rh8 51. Rxa6 Rf8 52. Kb5 Rxf4 53. Ra7+ Kb8 54. Re7 Rf1 55. Kb6 Rb1+ 56. Kc6 Rh1 57. Re8+ Ka7 58. Rd8 Rh6+ 59. Kc7 Rh7+ 60. Rd7 Rh6 61. c6 Rh8 62. c4 Rg8 63. c5 Rh8 64. Rd4 Rh7+ 65. Kc8 Rh8+ 66. Rd8 Rh6 67. c7 Rh7 68. Re8 Rh1 69. Re3 Ra1 70. Rd3 Ra2 71. Kd7 Ra4 1-0

[Event "GER-ch U10"]
[Site "Willingen"]
[Date "2008.05.11"]
[Round "11"]
[White "Schroeder, Jan Christian"]
[Black "Wolff, Christopher"]
[Result "1/2-1/2"]
[WhiteElo "1477"]
[BlackElo "1373"]
[PlyCount "52"]
[EventDate "2008.05.11"]
[EventType "swiss"]
[EventRounds "11"]
[EventCountry "GER"]
[SourceTitle "CBM 124 Extra"]
[Source "ChessBase"]
[SourceDate "2008.07.03"]
[SourceVersion "1"]
[SourceVersionDate "2008.07.03"]
[SourceQuality "1"]

1. e4 c5 2. Nf3 d6 3. d4 cxd4 4. Nxd4 Nf6 5. Nc3 g6 6. Be3 Bg7 7. f3 0-0 8. Bc4 Nc6 9. Qd2 Bd7 10. Bb3 Qa5 11. 0-0-0 Rfc8 12. Kb1 Ne5 13. h4 Nc4 14. Bxc4 Rxc4 15. Nb3 Qa6 16. e5 dxe5 17. Nc5 Qd6 18. Qe2 Qc6 19. Qxc4 b6 20. Nd5 Nxd5 21. Qxd5 Qxd5 22. Rxd5 Bc6 23. Rdd1 bxc5 24. Bxc5 e6 25. Rhe1 a5 26. Bd6 f6 1/2-1/2

[Event "GER-ch U10"]
[Site "Willingen"]
[Date "2008.05.11"]
[Round "3"]
[White "Wolff, Christopher"]
[Black "Altstadt, Karl Simon"]
[Result "1-0"]
[WhiteElo "1373"]
[BlackElo "1177"]
[PlyCount "69"]
[EventDate "2008.05.11"]
[EventType "swiss"]
[EventRounds "11"]
[EventCountry "GER"]
[SourceTitle "CBM 124 Extra"]
[Source "ChessBase"]
[SourceDate "2008.07.03"]
[SourceVersion "1"]
[SourceVersionDate "2008.07.03"]
[SourceQuality "1"]

1. e4 e5 2. d4 exd4 3. Qxd4 Nc6 4. Qe3 Nf6 5. Nc3 d6 6. Bd2 Be7 7. 0-0-0 a6 8. f3 Be6 9. Bd3 d5 10. exd5 Nxd5 11. Nxd5 Qxd5 12. b3 Qd6 13. Kb1 Qa3 14. Bc1 Qa5 15. Qe1 Nb4 16. a3 Nc6 17. Qxa5 Nxa5 18. Be4 f5 19. Bd3 Rd8 20. Bb2 Rg8 21. Ne2 c5 22. Bc3 Nc6 23. Ka2 b5 24. Nf4 Bf7 25. Bxf5 g6 26. Be4 Rc8 27. Nd5 Bxd5 28. Bxd5 Rf8 29. Bg7 Rf5 30. Be6 Bf6 31. Bxf6 Rxf6 32. Bxc8 Na5 33. Rhe1+ Kf8 34. Re6 Rf4 35. Rxa6 1-0

[Event "GER-ch U10"]
[Site "Willingen"]
[Date "2007.05.29"]
[Round "6"]
[White "Wolff, Christopher"]
[Black "Volz, Alexander"]
[Result "0-1"]
[WhiteElo "1238"]
[BlackElo "1433"]
[PlyCount "100"]
[EventDate "2007.05.26"]
[EventType "swiss"]
[EventRounds "11"]
[EventCountry "GER"]
[SourceTitle "CBM 118 Extra"]
[Source "ChessBase"]
[SourceDate "2007.07.04"]
[SourceVersion "1"]
[SourceVersionDate "2007.07.04"]
[SourceQuality "1"]

1. e4 e5 2. d4 exd4 3. Qxd4 Nc6 4. Qe3 Nf6 5. Nc3 Ng4 6. Qg3 d6 7. h3 Nf6 8. Bd2 Be6 9. 0-0-0 Qe7 10. f3 0-0-0 11. Qf2 Kb8 12. Kb1 g6 13. Bd3 Bg7 14. g4 Nd7 15. Nge2 Nb6 16. f4 Bc4 17. Be3 Bxd3 18. cxd3 Rhe8 19. Bxb6 cxb6 20. Nd5 Qd7 21. g5 Rc8 22. Rc1 Ne7 23. Ndc3 Nc6 24. Qg3 f5 25. h4 Qf7 26. exf5 gxf5 27. b3 Nd4 28. Nxd4 Bxd4 29. Nb5 Qd5 30. Nxd4 Qxd4 31. Rhe1 Rxc1+ 32. Rxc1 Re3 33. Qf2 Qxd3+ 34. Qc2 Qxc2+ 35. Rxc2 Rh3 36. Re2 Rxh4 37. Rf2 Kc7 38. Kc2 Kc6 39. Kc3 a5 40. a3 b5 41. a4 bxa4 42. bxa4 Rh3+ 43. Kc4 d5+ 44. Kd4 Kd6 45. Rb2 Rf3 46. Rxb7 Rxf4+ 47. Kc3 Rg4 48. Rxh7 Rxg5 49. Ra7 f4 50. Rxa5 d4+ 0-1

[Event "GER-ch U10"]
[Site "Willingen"]
[Date "2007.05.28"]
[Round "5"]
[White "Lagunow, Elina"]
[Black "Wolff, Christopher"]
[Result "0-1"]
[WhiteElo "1683"]
[BlackElo "1238"]
[PlyCount "106"]
[EventDate "2007.05.26"]
[EventType "swiss"]
[EventRounds "11"]
[EventCountry "GER"]
[SourceTitle "CBM 118 Extra"]
[Source "ChessBase"]
[SourceDate "2007.07.04"]
[SourceVersion "1"]
[SourceVersionDate "2007.07.04"]
[SourceQuality "1"]

1. e4 c5 2. Nf3 Nc6 3. d4 cxd4 4. Nxd4 Nf6 5. Nc3 d6 6. Be2 g6 7. 0-0 Bg7 8. Be3 0-0 9. Kh1 Bd7 10. Qd2 Re8 11. f4 Bg4 12. Bf3 Bxf3 13. Rxf3 Ng4 14. Bg1 Nxd4 15. Bxd4 e5 16. Bg1 Bh6 17. h3 Nf6 18. Bh2 Qe7 19. Rd1 Red8 20. Qd3 Rd7 21. f5 a6 22. Rdf1 g5 23. Nd5 Nxd5 24. Qxd5 Re8 25. c4 Kh8 26. b4 Rc8 27. f6 Qe6 28. Qxe6 fxe6 29. f7 Bf8 30. Bg1 Rxc4 31. Be3 h6 32. h4 Rxe4 33. hxg5 Rh4+ 34. Kg1 hxg5 35. Bxg5 Rh5 36. Rg3 Kh7 37. Rf6 e4 38. Rxe6 Rxf7 39. Rxe4 Rg7 40. Reg4 Be7 41. Bxe7 Rxe7 42. Rg5 Rxg5 43. Rxg5 Re2 44. a3 Re3 45. Ra5 Kg7 46. Rd5 Rxa3 47. Rxd6 b5 48. Rd4 Kf6 49. Kf2 Ke5 50. Rg4 Kf5 51. Rg3 Ra2+ 52. Kf3 Rb2 53. Rg4 Rb3+ 0-1

[Event "GER-ch U10"]
[Site "Willingen"]
[Date "2007.05.27"]
[Round "2"]
[White "Wolff, Christopher"]
[Black "Szajbely, Zsigmond"]
[Result "1/2-1/2"]
[WhiteElo "1238"]
[BlackElo "1376"]
[PlyCount "124"]
[EventDate "2007.05.26"]
[EventType "swiss"]
[EventRounds "11"]
[EventCountry "GER"]
[SourceTitle "CBM 118 Extra"]
[Source "ChessBase"]
[SourceDate "2007.07.04"]
[SourceVersion "1"]
[SourceVersionDate "2007.07.04"]
[SourceQuality "1"]

1. c4 Nf6 2. Nc3 g6 3. Nf3 Bg7 4. g3 0-0 5. Bg2 d6 6. 0-0 e5 7. d4 Nc6 8. d5 Ne7 9. e4 Ne8 10. b4 f5 11. Nd2 fxe4 12. Ndxe4 a5 13. b5 b6 14. Bg5 h6 15. Be3 Nf5 16. Bd2 Nf6 17. Nxf6+ Rxf6 18. Ne4 Rf8 19. Kh1 Bd7 20. a3 Kh7 21. Ra2 Ne7 22. f3 Bf5 23. Be3 Ng8 24. Raf2 Nf6 25. Nxf6+ Rxf6 26. g4 Bd7 27. Rg1 g5 28. Bf1 Qf8 29. h3 e4 30. Qc2 Re8 31. fxe4 Rxf2 32. Qxf2 Qxf2 33. Bxf2 Rf8 34. Be3 Rf3 35. Bc1 Bd4 36. Bg2 Rc3 37. Bb2 Rxc4 38. Bxd4 Rxd4 39. Rc1 Bxb5 40. Rxc7+ Kg8 41. Rb7 Rd1+ 42. Kh2 Rd2 43. Rb8+ Kf7 44. Kg3 Rd3+ 45. Kf2 Rxa3 46. Rxb6 Ra2+ 47. Ke1 Re2+ 48. Kd1 Rxg2 49. Rxb5 Rg3 50. Rxa5 Rxh3 51. Ra6 Ke7 52. Ra7+ Kf6 53. Rd7 Ke5 54. Re7+ Kd4 55. Re6 Kc5 56. Ke2 h5 57. gxh5 Rxh5 58. Kf3 Rh4 59. Rf6 Kd4 60. Re6 Rf4+ 61. Kg3 Rxe4 62. Rxd6 Kc5 1/2-1/2